|
|
|
|
| LEADER |
00000nam a2200000 a 4500 |
| 001 |
vtls001136607 |
| 003 |
SK-MaSNL |
| 005 |
20260301111805.0 |
| 008 |
250414s1992 CS 0 cze |
| 020 |
|
|
|a 8004260055
|
| 035 |
|
|
|a SNK000079460
|
| 040 |
|
|
|a SNK
|b slo
|c SNK
|e AACR2
|
| 041 |
0 |
|
|a cze
|
| 044 |
|
|
|a [CS]
|
| 080 |
|
|
|a 801.323.2=40=850
|2 1981
|
| 100 |
1 |
|
|a Lyer, Stanislav,
|d 1900-1971
|4 aut
|9 349206
|
| 245 |
1 |
0 |
|a Francouzsko-český slovník
|c Stanislav Lyer ; Připr. k tisku ... Václav Vlasák
|
| 250 |
|
|
|a 2. vyd.
|
| 260 |
|
|
|a Praha
|b Státní pedagogické nakladatelství
|c 1992
|
| 300 |
|
|
|a 751, [1] s.
|c 24 cm
|
| 490 |
0 |
|
|a Střední slovníky jednostranné
|
| 500 |
|
|
|a Súbež. názov franc.
|
| 700 |
1 |
|
|a Vlasák, Václav,
|d 1931 apríl 29.-2013
|4 com
|9 196500
|
| 852 |
|
|
|a Slovenská národná knižnica
|
| 919 |
|
|
|a 80-04-26005-5
|
| 954 |
|
|
|a francúzština
|a slovníky francúzsko-české
|
| 999 |
|
|
|c 708397
|d 710327
|
| 952 |
|
|
|t P60, <04>, [BOOK], {604}
|a SNK
|b SNK
|y VYP
|7 0
|p 17A0333663
|o snkIC 121876
|i snkKIP 8280/92
|0 0
|1 0
|4 0
|d 2002-02-14
|l 0
|r 2005-01-01 00:00:00
|w 2026-02-23
|